| Поле | Инд. | ПП | Название | Значение |
|---|---|---|---|---|
| Тип записи | a | |||
| Библиографический уровень | b | |||
| 001 | Контрольный номер | RU/IS/BASE/138109893 | ||
| 005 | Дата корректировки | 20220428142507.3 | ||
| 084 | a | Индекс другой классификации/Индекс ББК | 65.261.41в6 | |
| 100 | 1_ | a | Автор | Занадворов В. С. |
| 245 | 10 | a | Заглавие | Теория налогообложения |
| b | Продолж. заглавия | Лекционные и методические материалы. Лекции 5 - 7 | ||
| 500 | a | Примечание | Начало см.: 2003, Т. 7, № 4. Продолжение: 2004, Т. 8, №№ 2, 3 | |
| 504 | a | Библиография | Лит. в конце статьи | |
| 520 | 0_ | a | Аннотация | "Предлагается взгляд на налогообложение с позиции экономической теории (в частности, предполагается широкое использование аппарата микроэкономических моделей): экономическое обоснование налогообложения; типы налогов; основные проблемы налогообложения, включающие эффекты дохода и замещения, влияние налогов на инвестиционное поведение частных фирм и поведение домохозяйств, высокие административные издержки, возможные ошибки в ориентации налоговой политики. Данный курс предназначен для подготовки специалистов по государственным и муниципальным финансам и по государственному управлению, читается в магистратуре ГУ ВШЭ. В статье предлагается сокращенная версия курса." |
| 650 | 04 | a | Основная рубрика | налогообложение |
| a | Основная рубрика | финансы | ||
| a | Основная рубрика | экономика | ||
| a | Основная рубрика | государственные финансы | ||
| 653 | 0_ | a | Ключевые слова | акцизы |
| a | Ключевые слова | инвестиционная активность | ||
| a | Ключевые слова | косвенные налоги | ||
| a | Ключевые слова | микроэкономические модели | ||
| a | Ключевые слова | модели налогового равновесия | ||
| a | Ключевые слова | налог на собственность | ||
| a | Ключевые слова | налоговая оптимизация | ||
| a | Ключевые слова | налоговая политика | ||
| a | Ключевые слова | налоговая система | ||
| a | Ключевые слова | налоговое бремя | ||
| a | Ключевые слова | налоговые доходы | ||
| a | Ключевые слова | прямые налоги | ||
| a | Ключевые слова | совершенная конкуренция | ||
| a | Ключевые слова | теория налогообложения | ||
| a | Ключевые слова | экономико-математические модели | ||
| 773 | 18 | t | Заглавие источника | Экономический журнал ВШЭ |
| d | Дата издания источника | 2004 | ||
| g | Прочая информация | Т. 8, № 1. - С. 97 - 122 : эконом. расчет., граф. | ||
| w | Контрольный № источника | RU/IS/BASE/137078475 | ||
| 901 | t | Тип документа | b |